000 00708nas a2200241 4500
001 BR9213343
003 BR-BrBNA
005 20231205095248.0
007 ta
008 230509b bl.|||p| |||| 00| 00por d
040 _aBR-BrBNA
_bpor
_cBiblioteca Nacional de Agricultura
041 _a(Pt)
072 _aF01
100 1 _aVizzotto, V.J.
100 1 _aMuller, J.J.V.
245 1 _aEfeito da cobertura de solo sobre a emergencia de plantulas de cenoura
650 _aCenoura
650 _aPlantula
650 _aEmergencia
773 0 _tHorticultura Brasileira (Brazil)
_xISSN 0102-0536
_g(Nov 1989), v. 7(2) p. 22-23
_wBR9213343
909 _a202311
_bLúcia
_c55
_dLúcia Elande
942 _2AGRIS
_n0
_cANA
999 _c149671
_d149671